Statistics for The Weeknd Songs by Word

Click here to take the quiz!

General Stats

  • This quiz has been taken 129 times
  • The average score is 6 of 15

Answer Stats

Word#Songs% Correct
Hurt(s)11House of Balloons / Glass Table Girls, The Knowing, The Birds Pt. 2, The Fall, Shameless, Starboy, Reminder, Ordinary Life, In Your Eyes or Missed You
82%
XO6The Zone, XO / The Host, Initiation, Live For, Kiss Land, Tell Your Friends or Reminder
77%
Shame5Wicked Games, Till Dawn (Here Comes The Sun), Wanderlust, Shameless or Escape From LA
61%
Belong(s)7House of Balloons / Glass Table Girls, Twenty Eight, Lonely Star, Belong To The World, Nothing Without You, Wasted Times or After Hours
59%
Sun7Till Dawn (Here Comes The Sun), Adaptation, Belong To The World, Kiss Land, Often, Sidewalks or Blinding Lights
43%
Scars3Wicked Games, As You Are or Try Me
34%
Sin(s)7The Knowing, Lonely Star, Heaven Or Las Vegas, Acquainted, Angel, Blinding Lights or Nothing Compares
33%
Kill(ing)9Rolling Stone, Initiation, Love In The Sky, Pretty, Tell Your Friends, Often, Starboy, Six Feet Under or Die For You
28%
Phone9Coming Down, Twenty Eight, D.D, Same Old Song, Echoes Of Silence, Six Feet Under, Nothing Without You, Try Me or Blinding Lights
26%
Trust10High For This, Valerie, Wanderlust, The Hills, Acquainted, True Colors, Attention, Too Late, Hardest To Love or Blinding Lights
23%
God7Heaven Or Las Vegas, Adaptation, Belong To The World, Live For, Kiss Land, Often or Sidewalks
22%
Crib3House of Balloons / Glass Table Girls, Tell Your Friends or Starboy
21%
Numb5Gone, Professional, Acquainted, Can't Feel My Face or In The Night
18%
Fix5Tell Your Friends, Shameless, All I Know, Try Me or Heartless
17%
Free(dom)7Thursday, Professional, The Town, Love In The Sky, Kiss Land, Tears In The Rain or I Feel It Coming
13%

Score Distribution

Percentile by Number Answered

Percent of People with Each Score

Your Score History

You have not taken this quiz